Những vấn đề thi pháp văn học dân gian /
Gardado en:
| Autor Principal: | |
|---|---|
| Formato: | Sách giấy |
| Idioma: | Vietnamese |
| Publicado: |
H. :
Thanh niên,
2011.
|
| Những chủ đề: | |
| Các nhãn: |
Engadir etiqueta
Sen Etiquetas, Sexa o primeiro en etiquetar este rexistro!
|
| Thư viện lưu trữ: | Thư viện Trường Đại học Đà Lạt |
|---|
| LEADER | 00808nam a2200313 4500 | ||
|---|---|---|---|
| 001 | DLU120139794 | ||
| 005 | ##20120816 | ||
| 020 | # | # | |a 9786046400455 |
| 040 | # | # | |a DLU |b vie |
| 041 | # | # | |a vie |
| 044 | # | # | |a vn |
| 082 | # | # | |a 808.1 |b NG-D |
| 100 | # | # | |a Nguyễn Xuân Đức. |
| 245 | # | # | |a Những vấn đề thi pháp văn học dân gian / |c Nguyễn Xuân Đức. |
| 260 | # | # | |a H. : |b Thanh niên, |c 2011. |
| 300 | # | # | |a 298 tr. ; |c 21 cm. |
| 504 | # | # | |a Tài liệu tham khảo: tr.285. |
| 650 | # | # | |a Văn học dân gian Việt Nam |x Lịch sử và phê bình. |
| 923 | # | # | |a 05/2012 |
| 991 | # | # | |a SH |
| 992 | # | # | |a 12000 |
| 994 | # | # | |a DLU |
| 900 | # | # | |a True |
| 911 | # | # | |a Đào Thị Thu Huyền |
| 925 | # | # | |a G |
| 926 | # | # | |a A |
| 927 | # | # | |a SH |
| 980 | # | # | |a Thư viện Trường Đại học Đà Lạt |


